Kto jest bardziej czerwony? - Statystyki

Ogólne statystyki
  • Ten quiz został rozwiązany 588 razy
  • Średni wynik to 7 z 12
Statystyki odpowiedzi
Zagadnienie Odpowiedź % Poprawnych
Kto dostał więcej czerwonych kartek w Realu Madryt? Sergio Ramos
84%
Kto dostał więcej czerwonych kartek w Lidze Mistrzów? Cristiano Ronaldo
82%
Kto dostał więcej czerwonych kartek w Reprezentacji Polski? Tomasz Hajto
66%
Kto dostał więcej czerwonych kartek w Manchesterze United? Nemanja Vidic
64%
Kto dostał więcej czerwonych kartek w Serie A? Gennaro Gattuso
60%
Kto dostał więcej czerwonych kartek w całej karierze? Gianluigi Buffon
57%
Kto dostał więcej czerwonych kartek w Liverpoolu? Steven Gerrard
56%
Kto dostał więcej czerwonych kartek w Lechu Poznań? Abdul-Aziz Tetteh
53%
Kto dostał więcej czerwonych kartek w Reprezentacji Argentyny? Javier Mascherano
53%
Kto dostał więcej czerwonych kartek w Arsenalu? Patrick Vieira
50%
Kto dostał więcej czerwonych kartek w Legii Warszawa? Michał Pazdan
46%
Kto dostał więcej czerwonych kartek w Belgijskiej Ekstraklasie(Jupiter Pro League)? Axel Witsel
40%
Nie znaleziono quizów pasujących do podanych kryteriów
Rozkład punktacji
Procent ludzi z każdym wynikiem
Percentyl według liczby udzielonych odpowiedzi
Twoja historia wyników
Nie rozwiązałeś tego quizu